Statistiques concernant Les jeux Mario Kart

Cliquez ici pour prendre le quiz!

Statistiques générales

  • Ce quiz a été pris 121 fois
  • Le résultat moyen est 7 sur 11

Statistiques - réponses

Année de SortieJeu% Correct
2014Mario Kart 8
94%
2011Mario Kart 7
93%
2008Mario Kart Wii
92%
2003Mario Kart : Double Dash !
88%
2005Mario Kart DS
83%
1992Super Mario Kart
78%
1997Mario Kart 64
77%
2001Mario Kart Super Circuit
52%
2005Mario Kart Arcade GP
26%
2007Mario Kart Arcade GP 2
21%
2013Mario Kart Arcade GP DX
17%

Distribution des résultats

Percentile par nombre de réponses

% des personnes avec chaque résultat

Votre développement - résultats

Vous n’avez pas pris ce quiz